00960nam a2200253Ia 4500003000400000005001700004008004100021020001500062040001800077041000800095082002000103100002600123245009500149250001200244260005000256300002800306650003800334650004800372650003200420700004300452942002900495999001900524952016300543OSt20230714150057.0210716s2003 xx 000 0 und d a0195651103 cAIMIT LIBRARY aeng a338.9 21bSENA aSen, Amartya.9127023 aEmployment, technology and development /cBy Amartya Sen. Foreword By Louis Emmerij I L O. a1st ed. aNew Delhi :bOxford University Press ,c2003. axi, 193p. ;bPBc21 cm. aSome measurement problems9127024 aInstitutions technology and labour 9127025 aEconomic evaluation9127026 aLouis Emmerij L L O.eForeword9127027 2ddccBKe1stk338.9 SENA c198125d198125 00102ddc40708MBAaAIMITbAIMITd2004-10-08g250.00iBill no:6195; Bill dt:2004-10-06l0o338.9 SENApMBA00690r2026-05-23 00:00:00v200.00w2021-07-16yBK